Countries & Their Biggest Exports - Statistics

General Stats
  • This quiz has been taken 86 times
  • The average score is 89 of 191
Answer Stats
Hint Answer % Correct
Andorra | Austria | Czechia | +10 others Cars
81%
Bolivia | Burkina Faso | Burundi | +19 others Gold
79%
Australia | Brazil | Liberia | +2 others Iron
71%
Afghanistan | Algeria | Angola | +40 others Petroleum
68%
Botswana | Lesotho Diamonds
61%
Palestine Stone, Diamonds
61%
Ethiopia Coffee
56%
Armenia | Bulgaria | Chile | +7 others Copper
56%
Cape Verde | Grenada | Kiribati | +5 others Fish
56%
Indonesia | Mozambique Coal
55%
Estonia | Latvia | Soloman Islands Wood
53%
Uruguay Beef
45%
Benin Cotton
39%
Palau Computers
37%
Fiji Water
37%
Bahrain | Iceland | Montengro Aluminium
31%
New Zealand Milk
31%
Iran Plastic
31%
Kenya Tea
31%
Bangladesh | Cambodia | El Salvador | +9 others Clothing
27%
Djibouti Palm Oil
26%
South Africa Platinum
26%
Belize Sugarcane
26%
Cyprus | Marshall Islands | Saint Vincent and the Grenadines | +2 others Boats
24%
Sierra Leone Titanium
24%
Syria Olive Oil
21%
Eritrea Zinc
21%
Finland Paper
19%
Argentina | Paraguay Soybeans
19%
Ireland ICT
18%
Barbados Rum
16%
Bosnia | Laos Energy
15%
Malawi Tobacco
15%
Madagascar Vanilla
13%
Somalia Goats
11%
Cuba Cigars
10%
Ivory Coast / Cote D'Ivoire | Sao Tome and Principe Cocoa Beans
10%
Samoa Coconut Oil
8%
Belarus | Morocco Fertilizers
8%
Malaysia | Malta | Philippines | +3 others Integrated Circuits
8%
Belgium Vaccines
8%
Jamaica Aluminium Oxide
6%
China | Saint Kitts and Nevis | Vietnam Broadcasting Equipment
6%
Gambia | Guinea-Bissau Cashews
6%
Comoros Cloves
6%
Albania Footwear
6%
Denmark | France | Italy | Slovenia Packaged Medications
6%
Tonga Shellfish
6%
Nepal Soybean Oil
6%
North Macedonia Automobile Catalysts
5%
Poland Car Parts
5%
Thailand Data Processing Equipment
5%
Moldova | Serbia Insulated Wire
5%
Ukraine Sunflower Seed Oil
5%
Kosovo Undefined
5%
San Marino Dishwashers
2%
Bhutan Ferroalloys
2%
Dominica Medical Instruments
2%
Eswatini Soft Drink Concentrates
2%
No matching quizzes found
Score Distribution
Percent of People with Each Score
Percentile by Number Answered
Your Score History
You have not taken this quiz